000 00810cam a2200301 i 4500
001 0000457
003 DO-SdBNP
005 20240228085856.0
007 0000457
008 100514s 2009 sp || 000 f spa
015 _a
017 _a
_b
020 _a9788466322591
035 _a
040 _aBPMSU
_bspa
_cBPMSU
_e
080 _a
082 4 _a861.12
_bC229M
_222
245 0 0 _aCantar de Mio Cid /
_canónimo
260 _aMadrid, España :
_bSantillana Ediciones Generales ,
_c2009
300 _a353 p. ;
_c20 cm
490 0 _aPunto de lectura,
_v12
490 1 _aPlan lector
590 _aInventariado, 2024/VM
630 4 _aCantar de Mío Cid
_xCrítica e interpretación.
650 4 _aPoesías épicas españolas
910 _aVMateo V. Control de calidad. BPMSU
942 _2ddc
_cBK
999 _c10617
_d10617